<?xml version="1.0" encoding="UTF-8"?>
<record
    xmlns:xsi="http://www.w3.org/2001/XMLSchema-instance"
    xsi:schemaLocation="http://www.loc.gov/MARC21/slim http://www.loc.gov/standards/marcxml/schema/MARC21slim.xsd"
    xmlns="http://www.loc.gov/MARC21/slim">

  <leader>00838Cam#a2200265#a#4500</leader>
  <controlfield tag="001">022938</controlfield>
  <controlfield tag="003">AR-BeUNQ</controlfield>
  <controlfield tag="005">20260213140813.0</controlfield>
  <controlfield tag="008">110624s2011####ag a   ||b   |||||||spa#d</controlfield>
  <datafield tag="020" ind1=" " ind2=" ">
    <subfield code="a">9789876291613</subfield>
  </datafield>
  <datafield tag="040" ind1=" " ind2=" ">
    <subfield code="a">AR-BeUNQ</subfield>
    <subfield code="e">aacr</subfield>
    <subfield code="c">AR-BeUNQ</subfield>
  </datafield>
  <datafield tag="082" ind1="0" ind2="4">
    <subfield code="a">507</subfield>
    <subfield code="2">21</subfield>
  </datafield>
  <datafield tag="100" ind1="1" ind2=" ">
    <subfield code="a">Arbiser,  Ariel.</subfield>
  </datafield>
  <datafield tag="245" ind1="0" ind2="2">
    <subfield code="a">El jugador cient&#xED;fico : </subfield>
    <subfield code="b">por qu&#xE9; perdemos al p&#xF3;ker, la loter&#xED;a, la ruleta...</subfield>
    <subfield code="c">Ariel Arbiser.</subfield>
  </datafield>
  <datafield tag="250" ind1=" " ind2=" ">
    <subfield code="a">1a. ed.</subfield>
  </datafield>
  <datafield tag="260" ind1=" " ind2=" ">
    <subfield code="a">Buenos Aires : </subfield>
    <subfield code="b">Siglo Veintiuno Editores Argentina, </subfield>
    <subfield code="c">c2011.</subfield>
  </datafield>
  <datafield tag="300" ind1=" " ind2=" ">
    <subfield code="a">143 p. : </subfield>
    <subfield code="b">il. ; </subfield>
    <subfield code="c">19 cm.</subfield>
  </datafield>
  <datafield tag="490" ind1="1" ind2=" ">
    <subfield code="a">Ciencia que ladra....</subfield>
  </datafield>
  <datafield tag="650" ind1=" " ind2="7">
    <subfield code="a">Divulgaci&#xF3;n cient&#xED;fica</subfield>
    <subfield code="2">spines</subfield>
  </datafield>
  <datafield tag="650" ind1=" " ind2="7">
    <subfield code="a">Teor&#xED;a de juego</subfield>
    <subfield code="2">spines</subfield>
  </datafield>
  <datafield tag="650" ind1=" " ind2="7">
    <subfield code="a">Juego</subfield>
    <subfield code="2">toit</subfield>
  </datafield>
  <datafield tag="830" ind1=" " ind2="0">
    <subfield code="a">Ciencia que ladra... (UNQ).</subfield>
  </datafield>
  <datafield tag="929" ind1=" " ind2=" ">
    <subfield code="a">DONACION</subfield>
    <subfield code="d">0</subfield>
    <subfield code="e">03/05/2022</subfield>
    <subfield code="f">pat0082219</subfield>
    <subfield code="j">59303</subfield>
  </datafield>
  <datafield tag="942" ind1=" " ind2=" ">
    <subfield code="c">LIB</subfield>
  </datafield>
  <datafield tag="999" ind1=" " ind2=" ">
    <subfield code="c">229</subfield>
    <subfield code="d">229</subfield>
  </datafield>
  <datafield tag="952" ind1=" " ind2=" ">
    <subfield code="0">0</subfield>
    <subfield code="1">0</subfield>
    <subfield code="a">BIBESET</subfield>
    <subfield code="b">BIBESET</subfield>
    <subfield code="c">circulacion</subfield>
    <subfield code="d">2022-05-03</subfield>
    <subfield code="o">507 / ARB</subfield>
    <subfield code="p">59303</subfield>
    <subfield code="r">2022-05-23</subfield>
    <subfield code="y">LIB</subfield>
    <subfield code="k">PK</subfield>
  </datafield>
  <datafield tag="952" ind1=" " ind2=" ">
    <subfield code="0">0</subfield>
    <subfield code="1">0</subfield>
    <subfield code="a">BIBESET</subfield>
    <subfield code="b">BIBESET</subfield>
    <subfield code="c">circulacion</subfield>
    <subfield code="d">2022-05-03</subfield>
    <subfield code="o">507 / ARB</subfield>
    <subfield code="p">59304</subfield>
    <subfield code="r">2022-05-23</subfield>
    <subfield code="k">PK</subfield>
  </datafield>
</record>
